000 00536nam a2200181Ia 4500
005 20250326125422.0
008 250326s9999 xx 000 0 und d
037 _aTextbook
040 _aFMSL
_beng
_cFMSL
041 _aeng
_2eng
084 _aZ2315 L7
_qFMSL
100 _aBulchandani K R
245 0 _aLaw of partnership sale of goods and negotiable instruments with case law
_cBulchandani K R
260 _aBombay
_bBombay, Himalaya
_c1977
300 _a133p
942 _cTB
_hZ2315 L7
999 _c1277974
_d1277974